Functional operators (Record no. 2459)
[ view plain ]
| 000 -LEADER | |
|---|---|
| fixed length control field | 00561nam a2200181Ia 4500 |
| 003 - CONTROL NUMBER IDENTIFIER | |
| control field | IN-BaIIA |
| 008 - FIXED-LENGTH DATA ELEMENTS--GENERAL INFORMATION | |
| fixed length control field | 211028s9999 xx 000 0 eng d |
| 040 ## - CATALOGING SOURCE | |
| Transcribing agency | IIA Library |
| 080 ## - UNIVERSAL DECIMAL CLASSIFICATION NUMBER | |
| Universal Decimal Classification number | 517.98 |
| Item number | NEU |
| 100 ## - MAIN ENTRY--PERSONAL NAME | |
| Personal name | Neumann, J. V. |
| 9 (RLIN) | 4393 |
| 245 #0 - TITLE STATEMENT | |
| Title | Functional operators |
| Remainder of title | vol I |
| Statement of responsibility, etc. | J. V. Neumann |
| 260 ## - PUBLICATION, DISTRIBUTION, ETC. | |
| Place of publication, distribution, etc. | Princeton |
| Name of publisher, distributor, etc. | Princeton University Press |
| Date of publication, distribution, etc. | 1950 |
| 300 ## - PHYSICAL DESCRIPTION | |
| Extent | 261p. |
| 490 ## - SERIES STATEMENT | |
| Series statement | Annals of Mathematics Studies, no. 21 |
| 650 ## - SUBJECT ADDED ENTRY--TOPICAL TERM | |
| Topical term or geographic name entry element | Functional Analysis |
| 9 (RLIN) | 3259 |
| 650 ## - SUBJECT ADDED ENTRY--TOPICAL TERM | |
| Topical term or geographic name entry element | Operator Theory |
| 9 (RLIN) | 4394 |
| 942 ## - ADDED ENTRY ELEMENTS (KOHA) | |
| Koha item type | Books |
| Withdrawn status | Lost status | Damaged status | Not for loan | Home library | Current library | Shelving location | Date acquired | Cost, normal purchase price | Total Checkouts | Full call number | Barcode | Date last seen | Cost, replacement price | Price effective from | Koha item type | Purchase Price |
|---|---|---|---|---|---|---|---|---|---|---|---|---|---|---|---|---|
| IIA Library-Bangalore | IIA Library-Bangalore | General Stacks | 22/06/1965 | 27.00 | 517.98/ NEU | 2746 | 05/11/2021 | 27.00 | 22/06/1965 | Books | Rs. 27.00 |